000 01146nam0a22002651 4500
001 rc\4482663
005 20130416170857.8
021 _aRU
_b[67-19953]
035 _a(NLR Aleph) 008603332
090 _a8717957
_c8717957
100 _a20130416d1967 |||y0rusy50 ca
101 0 _arus
102 _aRU
105 _aab z |||||
200 1 _aКультура и быт народов зарубежной Европы
_eЭтногр. исследования
_e[Сборник статей
_fОтв. ред. С.А. Токарев]
_gАН СССР. Ин-т этнографии им. Н.Н. Миклухо-Маклая
210 _aМосква
_cНаука
_d1967
215 _a256 с.
_cил., карт.
_d22
606 _aНароды зарубежной Европы
_xЭтнография
_jСборники
_2psbo
702 1 _aТокарев
_bС. А.
_gСергей Александрович
_4340
712 0 2 _aИнститут этнографии им. Н. Н. Миклухо-Маклая
_cМосква
_3RU\NLR\AUTH\888946
801 0 _aRU
_bNLR
_gpsbo
801 1 _aRU
_bELAR
_2rusmarc
852 _aNLR
_j67-5/1549
942 _cBOOK
980 _aNB